The investment, financing, and valuation of the corporation / (Record no. 16043)
[ view plain ]
| 000 -LEADER | |
|---|---|
| fixed length control field | 00692nam a2200229 i 4500 |
| 001 - CONTROL NUMBER | |
| control field | 16043 |
| 003 - CONTROL NUMBER IDENTIFIER | |
| rucl marc code | BD-RjUL |
| 005 - DATE AND TIME OF LATEST TRANSACTION | |
| control field | 20211208235935.0 |
| 008 - FIXED-LENGTH DATA ELEMENTS--GENERAL INFORMATION | |
| fixed length control field | 140211s1962 ua b 00100 eng d |
| 035 ## - SYSTEM CONTROL NUMBER | |
| System control number | (BD-RjUL)16098 |
| 040 ## - CATALOGING SOURCE | |
| Original cataloging agency | DLC |
| Language of cataloging | eng |
| Transcribing agency | DLC |
| Modifying agency | BD-RjUL |
| 041 ## - LANGUAGE CODE | |
| Language code of text/sound track or separate title | eng |
| 082 00 - DEWEY DECIMAL CLASSIFICATION NUMBER | |
| Classification number | 658.15 |
| Author mark and year | GOI 1962 |
| 100 1# - MAIN ENTRY--PERSONAL NAME | |
| Personal name | Gordon, Myron J. |
| 9 (RLIN) | 48933 |
| 245 14 - TITLE STATEMENT | |
| Title | The investment, financing, and valuation of the corporation / |
| Statement of responsibility, etc. | by Myron J. Gordon. |
| 260 0# - PUBLICATION, DISTRIBUTION, ETC. (IMPRINT) | |
| Place of publication, distribution, etc. | Homewood, Ill. : |
| Name of publisher, distributor, etc. | Irwin, |
| Date of publication, distribution, etc. | 1962. |
| 300 ## - PHYSICAL DESCRIPTION | |
| Pagination | xiv, 256 p. : |
| Illustrations | ill. ; |
| Size | 24 cm. |
| 490 0# - SERIES STATEMENT | |
| Series statement | Irwin series in economics |
| 504 ## - BIBLIOGRAPHY, ETC. NOTE | |
| Bibliography, etc | Includes bibliography and index. |
| 650 #0 - SUBJECT ADDED ENTRY--TOPICAL TERM | |
| Topical term or geographic name as entry element | Corporations |
| General subdivision | Finance. |
| 9 (RLIN) | 49674 |
| 942 ## - ADDED ENTRY ELEMENTS (KOHA) | |
| Source of classification or shelving scheme | Dewey Decimal Classification |
| Koha item type | Books |
| Lost status | Source of classification or shelving scheme | Damaged status | Not for loan | Collection code | Permanent Location | Current Location | Shelving location | Date acquired | Source of acquisition | Cost, normal purchase price | Total Checkouts | Full call number | Date last seen | Copy number | Koha item type |
|---|---|---|---|---|---|---|---|---|---|---|---|---|---|---|---|
| Dewey Decimal Classification | Non-fiction | Central Library, University of Rajshahi | Central Library, University of Rajshahi | 28/05/1968 | Zeitlinger | 75.60 | 658.15 GOI 1962 | 11/02/2014 | C-6 | Books | |||||
| Dewey Decimal Classification | Not For Loan | Non-fiction | Central Library, University of Rajshahi | Central Library, University of Rajshahi | Reading Room | 07/07/1964 | zeitlinger | 52.00 | 658.15 GOI 1962 | 15/05/2019 | C-1 | Books | |||
| Dewey Decimal Classification | Non-fiction | Central Library, University of Rajshahi | Central Library, University of Rajshahi | 07/07/1964 | zeitlinger | 52.00 | 658.15 GOI 1962 | 15/05/2019 | C-2 | Books | |||||
| Dewey Decimal Classification | Non-fiction | Central Library, University of Rajshahi | Central Library, University of Rajshahi | 07/07/1964 | zeitlinger | 52.00 | 658.15 GOI 1962 | 15/05/2019 | C-3 | Books | |||||
| Dewey Decimal Classification | Non-fiction | Central Library, University of Rajshahi | Central Library, University of Rajshahi | 07/07/1964 | zeitlinger | 52.00 | 658.15 GOI 1962 | 15/05/2019 | C-4 | Books | |||||
| Dewey Decimal Classification | Non-fiction | Central Library, University of Rajshahi | Central Library, University of Rajshahi | 07/07/1964 | zeitlinger | 52.00 | 658.15 GOI 1962 | 15/05/2019 | C-5 | Books | |||||
| Dewey Decimal Classification | Non-fiction | Central Library, University of Rajshahi | Central Library, University of Rajshahi | 29/10/1968 | zeitlinger | 52.00 | 658.15 GOI 1962 | 15/05/2019 | C-7 | Books | |||||
| Dewey Decimal Classification | Non-fiction | Central Library, University of Rajshahi | Central Library, University of Rajshahi | 07/07/1964 | zeitlinger | 52.00 | 658.15 GOI 1962 | 15/05/2019 | C-8 | Books |